| 000 | 00611nam a22002057a 4500 | ||
|---|---|---|---|
| 003 | BD-DhJNU | ||
| 005 | 20251015030957.0 | ||
| 008 | 251015b |||||||| |||| 00| 0 eng d | ||
| 020 | _a0203932722 | ||
| 020 | _a9780415424172 | ||
| 040 |
_aBD-DhJNU _bENG _cBD-DhJNU _dBD-DhJNU |
||
| 082 |
_223 _a820.9891411 |
||
| 100 | _aMishra, Vijay | ||
| 245 |
_aLiterature of the Indian diaspora : _btheorizing the diasporic imaginary / _cVijay Mishra |
||
| 260 |
_aNew York : _bRoutledge, _c2008. |
||
| 300 |
_axix, 286 p. : _c25 cm. |
||
| 504 | _aincludes index | ||
| 650 | _aHistory and criticism | ||
| 942 |
_2ddc _cBK _n0 |
||
| 999 |
_c2266 _d2266 |
||